| 000 | 01205cam a22003253a 4500 | ||
|---|---|---|---|
| 001 | 1249 | ||
| 005 | 20230815130522.0 | ||
| 008 | 210818s1991 nyua f 000 1 eng d | ||
| 020 | _z0590430262 | ||
| 040 |
_aKPR _beng _cKPR _dOCLCG _dOCLCQ _dOCLCA _dOCLCQ _dDLC |
||
| 050 | 0 | 0 | _aPZ7.P43265 |
| 082 | _aFic | ||
| 100 | 1 |
_aPeterson, John, _d1924-2002. |
|
| 245 | 1 | 4 |
_aThe Littles and the lost children / _cby John Peterson ; pictures by Roberta Carter Clark ; cover illustration by Jacqueline Rogers. |
| 260 |
_aNew York : _bScholastic, _c1991 |
||
| 300 |
_a111 pages : _billustrations ; _c20 cm |
||
| 490 | 0 | _aLittle Apple | |
| 490 | 0 | _aLittle Apple Fiction | |
| 500 | _aBraille by FFBC in textbook format; print and braille pages included. | ||
| 500 | _a"A Little Apple paperback." | ||
| 505 | _aO | ||
| 520 | _aMajor Nick Little and his band of soldiers find two babies abandoned in Trash City and they must find out how they got there. | ||
| 521 |
_a600
_bLexile |
||
| 521 |
_aO
_bRaz-Plus |
||
| 650 | 7 | _aFantasy | |
| 655 | 7 |
_aFantasy fiction. _2gsafd |
|
| 700 | 1 |
_aClark, Roberta Carter _eillustrator |
|
| 906 |
_a7 _bcbc _ccopycat _d2 _encip _f20 _gy-genrareb |
||
| 942 |
_2ddc _cBK _n0 |
||
| 999 |
_c1249 _d1249 |
||